000 00639nam a2200205Ia 4500
003 GCL
008 140319s9999 xx 000 0 ara d
040 _aGCL /
_cGCL
082 0 4 _a301.6566
_bج ح
100 1 _aجمعية رعاية الطفل اللبنانى
245 1 0 _aالحدث المنحرف فى لبنان /
_cجمعية رعاية الطفل اللبنانى
300 _a253 ص
490 _aالهيئة العامة للاستعلامات
_v0
650 0 4 _aلبنان
650 0 4 _aالاجتماع
650 0 4 _aالسلوك
650 0 4 _aالانحراف
650 0 4 _aالطفل - رعاية
942 _2ddc
_cBK
999 _c50639
_d50639